Countries of Asia by Population - Statistics

General Stats
  • This quiz has been taken 624 times
    589 since last reset
  • The average score is 24 of 49
Answer Stats
Rank Population Country % Correct
2 1.43 bil China
100%
1 1.44 bil India
100%
3 279 mil Indonesia
97%
4 244 mil Pakistan
94%
5 174 mil Bangladesh
91%
6 123 mil Japan
90%
7 119 mil Philippines
85%
8 99.3 mil Vietnam
85%
9 89.6 mil Iran
84%
11 71.9 mil Thailand
78%
10 86.1 mil Turkey
74%
13 51.8 mil South Korea
72%
12 54.8 mil Myanmar
67%
14 46.2 mil Iraq
66%
16 37.3 mil Saudi Arabia
60%
15 43.0 mil Afghanistan
59%
20 34.6 mil Malaysia
50%
22 26.2 mil North Korea
50%
18 35.5 mil Uzbekistan
47%
21 31.1 mil Nepal
46%
19 35.0 mil Yemen
46%
24 23.9 mil Taiwan
45%
26 19.8 mil Kazakhstan
42%
49 454 K Brunei
38%
27 17.1 mil Cambodia
37%
25 21.9 mil Sri Lanka
37%
23 24.0 mil Syria
37%
48 520 K Maldives
36%
32 9.27 mil Israel
34%
33 7.70 mil Laos
34%
47 790 K Bhutan
33%
44 1.49 mil Bahrain
32%
36 6.04 mil Singapore
32%
31 9.57 mil United Arab Emirates
32%
28 11.4 mil Jordan
30%
41 3.47 mil Mongolia
30%
43 2.73 mil Qatar
30%
45 1.37 mil Timor-Leste
30%
39 4.33 mil Kuwait
29%
38 4.68 mil Oman
29%
29 10.4 mil Azerbaijan
28%
17 37.1 mil Russia
28%
30 10.3 mil Tajikistan
27%
37 5.26 mil Lebanon
26%
35 6.57 mil Turkmenistan
26%
34 6.80 mil Kyrgyzstan
25%
42 2.78 mil Armenia
24%
40 3.72 mil Georgia
23%
46 1.26 mil Cyprus
20%
No matching quizzes found
Score Distribution
Percent of People with Each Score
Percentile by Number Answered
Your Score History
You have not taken this quiz since the last reset